Institucionální úpravy privatizace v nových spolkových zemích SRN a její formy
Gespeichert in:
| 1. Verfasser: | |
|---|---|
| Format: | Buch |
| Sprache: | Tschechisch |
| Veröffentlicht: |
Praha
Ústřední ústav národohospodářského výzkumu
1992
|
| Ausgabe: | 1. vyd. |
| Schriftenreihe: | Studijně rozborové a informační materiály
|
| Schlagworte: | |
| Tags: |
Keine Tags, Fügen Sie das erste Tag hinzu!
|
MARC
| LEADER | 00000nam a2200000 4500 | ||
|---|---|---|---|
| 001 | c005502 | ||
| 005 | 20221214085732.2 | ||
| 041 | 0 | |a cze | |
| 044 | |a CZ | ||
| 245 | 1 | 0 | |a Institucionální úpravy privatizace v nových spolkových zemích SRN a její formy |c Milada Bezděková |
| 250 | |a 1. vyd. | ||
| 264 | 1 | |a Praha |b Ústřední ústav národohospodářského výzkumu |c 1992 | |
| 300 | |a 24 s. | ||
| 490 | 1 | |a Studijně rozborové a informační materiály | |
| 830 | 0 | |a Studijně rozborové a informační materiály | |
| 610 | 2 | 0 | |a privatizácia |
| 610 | 2 | 0 | |a Nemecko |
| 610 | 2 | 0 | |a revitalizácia |
| 610 | 2 | 0 | |a podnik |
| 100 | 1 | |a Bezděková, Milada | |